000 00608cam a22002051 4500
001 af 47006574
003 DLC
005 20260227110837.0
008 860117s1946 pl h 000 0 pol c
010 _aaf 47006574
035 _a(OCoLC)13031778
040 _aHoover Library, Stanford Univ.
_cCLU
_dCLU
_dDLC
042 _apremarc
050 0 0 _aDK434.8.K8
_bP7 1946
100 1 _aPróchnik, Adam.
245 1 0 _aDemokracja kościuszkowska;
_bz wstępem Bolesława Limanowskiego.
260 _aWarszawa,
_b"Wiedza,"
_c1946.
300 _a206 p.
_bfacsim.
_c21 cm.
600 1 0 _aKościuszko, Tadeusz,
_d1746-1817.
999 _c3598
_d3598